The development of land resources in East, Central and Southern Africa: the role of surveying and land economy, report of the proceedings of a seminar held at the Mulungushi Hall, Lusaka, Zambia 6-9 April 1976 (Record no. 95230)

MARC details
000 -LEADER
fixed length control field 00646cam a2200181 4500
001 - CONTROL NUMBER
control field D2594
008 - FIXED-LENGTH DATA ELEMENTS--GENERAL INFORMATION
fixed length control field 090401t1976 xxu||||| |||| 00| 0 eng d
035 ## - SYSTEM CONTROL NUMBER
System control number (Sirsi) u69781
041 ## - LANGUAGE CODE
Language code of text/sound track or separate title eng
110 ## - MAIN ENTRY--CORPORATE NAME
Corporate name or jurisdiction name as entry element Commonwealth Association of Surveying and Land Economy
9 (RLIN) 2570
245 #4 - TITLE STATEMENT
Title The development of land resources in East, Central and Southern Africa: the role of surveying and land economy, report of the proceedings of a seminar held at the Mulungushi Hall, Lusaka, Zambia 6-9 April 1976
260 ## - PUBLICATION, DISTRIBUTION, ETC.
Place of publication, distribution, etc. London
Name of publisher, distributor, etc. CASLE
Date of publication, distribution, etc. 1976
300 ## - PHYSICAL DESCRIPTION
Extent 134p. 30cm
350 ## - PRICE (NR) (BK AM CF MU VM SE) [OBSOLETE]
Price 3.5
520 ## - SUMMARY, ETC.
Summary, etc. Shelved at F.333.0096
942 ## - ADDED ENTRY ELEMENTS (KOHA)
Suppress in OPAC 0
948 ## - LOCAL PROCESSING INFORMATION (OCLC); SERIES PART DESIGNATOR (RLIN)
c (OCLC) 04/03/1997
Holdings
Withdrawn status Lost status Source of classification or shelving scheme Damaged status Not for loan Home library Current library Shelving location Date acquired Cost, normal purchase price Total Checkouts Full call number Barcode Date last seen Copy number Cost, replacement price Price effective from Koha item type
    Dewey Decimal Classification     London London Basement 14/09/1999 3.50   SHELF 324 30001081 06/08/2019 1 3.50 06/08/2019 Book